Groups of Four II Quiz Stats

 Plays Quiz Updated Aug 2, 2015

Also try: Groups of Four
Challenge
Share
Tweet
Score 0/24 Timer 07:00
1 Play Today
% Correct
Brass
91.6%
Lion
87.8%
California
87.4%
Cyan
85.5%
Twilight
85.4%
Groucho
80.7%
Romansh
79%
Harry Potter
72.8%
Inky
72.5%
Water
69%
Bow
68.7%
Clarity
66.4%
% Correct
Circle
65.9%
B&O
65.6%
Samantha
65%
Peter Tork
62.4%
State
60.8%
Meg
59.2%
Lucy
59.2%
Peter Venkman
54.5%
Wands
50.4%
Io
49.2%
Warrior
42.5%
apl.de.ap
41.2%

You're not logged in!

Compare scores with friends on all Sporcle quizzes.
Join for Free
OR
Log In

You Might Also Like...

Show Comments

Extras

Top Quizzes Today


Score Distribution

Your Account Isn't Verified!

In order to create a playlist on Sporcle, you need to verify the email address you used during registration. Go to your Sporcle Settings to finish the process.

Report this User

Report this user for behavior that violates our Community Guidelines.

Details: